Statistics for Bug-Type Pokemon Moves

Click here to take the quiz!

General Stats

  • This quiz has been taken 657 times
  • The average score is 16 of 25

Answer Stats

CategoryDescriptionMove% Correct
PhysicalInflicts damage, user steals and uses target's BerryBug Bite
89%
SpecialMay lower target's Sp Defense -1Bug Buzz
86%
PhysicalUser deals damage, then switches outU-turn
82%
PhysicalVespiquen's signature moveAttack Order
81%
StatusSpeed -1String Shot
76%
StatusVespiquen's signature moveDefend Order
74%
StatusVespiquen's signature moveHeal Order
73%
PhysicalInflicts damage; 120 powerMegahorn
73%
PhysicalRestores 1/2 of damage inflicted on targetLeech Life
70%
StatusSp Attack +1, Sp Defense +1, Speed +1Quiver Dance
69%
SpecialInflicts 1/8 of target's max HP, lasts 4-5 turnsInfestation
67%
StatusLays a trap, opponents that switch in Speed -1Sticky Web
67%
PhysicalPower increases with each successive hitFury Cutter
66%
PhysicalInflicts damage; 80 powerX-Scissor
66%
Special10% chance to raise all stats +1Silver Wind
65%
PhysicalHits 2 timesTwineedle
58%
PhysicalHits 2-5 timesPin Missile
54%
StatusPrevents target from fleeing/switching outSpider Web
52%
StatusSp Attack +3Tail Glow
51%
PhysicalInflicts damage; if faints a Pokemon, user's attack +2Fell Stinger
49%
SpecialMay confuse targetSignal Beam
49%
SpecialInflicts damage, Sp Attack -1Struggle Bug
46%
StatusVivillon's signature movePowder
42%
StatusPriority +3, makes opposing Pokemon attack userRage Powder
42%
PhysicalMay cause flinchSteamroller
21%

Score Distribution

Percentile by Number Answered

Percent of People with Each Score

Your Score History

You have not taken this quiz